[Event "IND-chT (Women)"]
[Site "Pollachi"]
[Date "2023.02.10"]
[Round "1.2"]
[White "Serah, Jo Sam"]
[Black "Arpita, Mukherjee"]
[Result "0-1"]
[WhiteElo "1273"]
[BlackElo "2185"]
[PlyCount "66"]
[EventDate "2023.02.10"]
[EventType "team-swiss"]
[EventRounds "7"]
[EventCountry "IND"]
[SourceTitle "CBM 212 Extra"]
[Source "ChessBase"]
[SourceDate "2023.03.31"]
[SourceVersion "1"]
[SourceVersionDate "2023.03.31"]
[SourceQuality "1"]
[WhiteTeam "Kerala (W)"]
[BlackTeam "AAI (W)"]
[WhiteTeamCountry "IND"]
[BlackTeamCountry "IND"]

1. e4 c5 2. Nf3 d6 3. d4 cxd4 4. Nxd4 Nf6 5. Nc3 a6 6. Be3 e5 7. Nb3 Be7 8. f3 Be6 9. Qd2 h5 10. 0-0-0 Nbd7 11. Kb1 Rc8 12. Be2 b5 13. a3 Qc7 14. g4 Nb6 15. Bxb6 Qxb6 16. g5 Nd7 17. Nd5 Bxd5 18. Qxd5 g6 19. Rhf1 Qc7 20. Qd2 0-0 21. h4 Nb6 22. Na5 Rfd8 23. c3 d5 24. Qc2 d4 25. Nb3 Na4 26. c4 bxc4 27. Nxd4 exd4 28. Qxa4 d3 29. Bxd3 cxd3 30. Rc1 Qb6 31. Rxc8 Rxc8 32. Rd1 Rc2 33. b3 Qf2 0-1